000 00622nam a2200217Ia 4500
001 16882
003 GE_BSU
008 181216s||||||||xx |||||||||||||| ||und||
040 _cGE_BSU
100 _aგეწაძე, აკაკი
245 _aლაზარეს წყარო
245 _bმოთხრობა
245 _cრედ.ლ.ერისთავი
260 _aთბილისი
260 _bნაკადული
260 _c1976
300 _a226გვ. ; 20სმ
653 _aლაზარეს წყარო
653 _aმოთხრობა
942 _cBK
999 _c49946
_d49946